000 00580nam a2200193Ia 4500
003 OSt
005 20250228141632.0
008 210210b1995 xxu||||| |||| 00| 0 eng d
040 _cAL
041 _aKannada
082 _aK894.1 MOGS
100 _aMOGASALE (Na)
_9140550
_dಮೊಗಸಾಲೆ(ನಾ)
245 _aSvantakke Svantavatara: kavanagalu
_bಸ್ವಂತಕ್ಕೆ ಸ್ವಂತವತಾರ : ಕವನಗಳು
260 _aDharavada.
_bAnanya Prakashana
_c1995
300 _a94
690 _aKannada Poetry
_9140551
906 _a058119
942 _2ddc
_cBK
999 _c105401
_d105401